Statistics for Youtube邦楽再生ランキングTOP100

Click here to take the quiz!

General Stats

  • This quiz has been taken 105 times
  • The average score is 42 of 100

Answer Stats

再生回数アーティスト名Answer% Correct
8億4210万米津玄師Lemon
100%
2億7247万YOASOBI夜に駆ける
96%
4億6819万King Gnu白日
95%
4億698万YOASOBIアイドル
89%
2億5444万星野源
89%
4億9346万Ofiicial髭男dismPretender
89%
3億870万Adoうっせぇわ
88%
3億2407万あいみょんマリーゴールド
88%
5億8916万DAOKO×米津玄師打上花火
86%
2億5028万Foorin×米津玄師パプリカ
84%
3億760万RADWIMPS前前前世
84%
1億4379万米津玄師パプリカ
84%
2億6312万DA PUMPU.S.A.
81%
3億673万LiSA
80%
1億6862万瑛人香水
78%
2億933万サカナクション新宝島
76%
1億6123万YOASOBI群青
73%
3億2505万YOASOBI怪物
72%
2億2332万妖怪ウォッチようかい体操第一
69%
1億3788万浦島太郎(桐谷健太)海の声
68%
2億3965万AKB48恋するフォーチュンクッキー
68%
2億3145万SEKAI NO OWARIRPG
68%
1億9149万Ado
66%
1億5400万優里ドライフラワー
62%
1億1203万Ado
60%
3億1271万NiziUMake you happy
60%
3億4552万Eve廻廻奇譚
59%
1億1597万TWICETT -Japanese ver.-
59%
1億6192万和楽器バンド千本桜
56%
2億8201万米津玄師ピースサイン
55%
3億4132万米津玄師アイネクライネ
54%
2億1942万米津玄師感電
54%
3億2537万米津玄師LOSER
53%
1億2586万BUMP OF CHIKEN天体観測
52%
1億7833万AKB48ヘビーローテーション
52%
1億4298万米津玄師KICKBACK
52%
1億9961万菅田将暉まちがいさがし
51%
1億7970万米津玄師Flamingo
49%
1億8999万SEKAI NO OWARIHabit
48%
1億5098万Ofiicial髭男dism宿命
47%
1億7248万Alexiandrosワタリドリ
47%
2億1570万back number水平線
46%
1億6801万スピッツロビンソン
46%
2億707万ヨルシカただ君に晴れ
46%
1億3864万なとりOverdose
45%
1億7456万三代目J SOUL BROTHERSR.Y.U.S.E.I.
45%
1億4211万フレデリックオドループ
44%
1億6862万菅田将暉さよならエレジー
44%
1億9214万Offficial髭男dismI LOVE
42%
2億6201万米津玄師+菅田将暉灰色と青
41%
1億1275万Official髭男dismMixed Nuts
41%
1億9827万米津玄師馬と鹿
40%
1億4860万菅田将暉
40%
1億1432万back numerクリスマスソング
40%
1億7372万スキマスイッチ
39%
2億5675万Mrs.GREEN APPLEインフェルノ
39%
1億8373万欅坂46サイレントマジョリティー
38%
1億5703万Ado新時代
38%
1億6949万あいみょん裸の心
34%
1億9949万Aimer残響散歌
32%
1億6586万WANIMAともに
32%
1億5994万Adoギラギラ
29%
1億1861万RADWIMPS愛にできることはまだあるかい
29%
1億3439万Tani YuukiW/X/Y
29%
1億1877万KANA-BOONないものねだり
28%
1億2393万Official髭男dismSubtitle
28%
1億4386万official髭男dismノーダウト
27%
1億1263万米津玄師海の幽霊
26%
1億7073万Eveドラマツルギー
26%
1億7790万Offical髭男dismイエスタデイ
26%
1億6101万米津玄師春雷
25%
1億6763万ヨルシカだから僕は音楽を辞めた
25%
1億6323万imaseNIGHT DANCER
21%
1億4364万Official髭男dismCry Baby
20%
1億7925万米津玄師orion
20%
1億2108万ヨルシカ花に亡霊
19%
1億2346万ONE OK ROCK完全感覚Dreamer
19%
1億7900万RADWIMPSスパークル
18%
1億8638万BABYMETALギミチョコ!!
16%
1億1225万Ado逆光
13%
1億1374万YOASOBIたぶん
13%
1億5624万King&Princeツキヨミ
12%
1億1674万AAA恋音と雨空
12%
1億9722万きゃりーぱみゅぱみゅPONPONPON
12%
1億2952万Eveお気に召すまま
11%
1億6585万少女時代MR.TAXI
11%
1億2190万NiziUStep and a step
11%
2億439万美波カワキヲアメク
9%
1億7792万TWICECandy Pop
9%
1億5335万ヨルシカ言って。
7%
1億2308万SixTONESこっから
7%
1億6469万THE ORAL CIGARETTES狂乱 Hey Kids!!
7%
1億1608万AAAさよならの前に
5%
2億1243万ONE OK ROCKThe Beginning
5%
1億4086万神山羊YELLOW
5%
1億3475万TWICEBreakthrough
4%
1億2138万ケツメイシバラード
2%
2億9465万BTS(防弾少年団)Airplane pt.2 - Japanse ver.-
1%
1億2730万ONE OK ROCKClock Strikes
1%
1億6046万BTSLights
1%

Score Distribution

Percentile by Number Answered

Percent of People with Each Score

Your Score History

You have not taken this quiz